IFM Opac

Brink's Modern Internal Auditing: (Record no. 22085)

MARC details
000 -LEADER
fixed length control field 00389nam a22001457a 4500
020 ## - INTERNATIONAL STANDARD BOOK NUMBER
ISBN 978-1-119-01698-4
082 ## - DEWEY DECIMAL CLASSIFICATION NUMBER
Classification number 657.458
100 ## - MAIN ENTRY--AUTHOR NAME
Personal name Moeller, Robert
245 ## - TITLE STATEMENT
Title Brink's Modern Internal Auditing:
Sub Title A Common Body of Knowledge
250 ## - EDITION STATEMENT
Edition statement 8th
260 ## - PUBLICATION, DISTRIBUTION, ETC. (IMPRINT)
Place of publication Hoboken:
Name of publisher John Wiley & Sons,
Year of publication 2016
300 ## - PHYSICAL DESCRIPTION
Number of Pages xxii, 810p.:
Other physical details ill.; 27cm
500 ## - GENERAL NOTE
General note Include Index
942 ## - ADDED ENTRY ELEMENTS (KOHA)
Koha item type Books
Holdings
Withdrawn status Lost status Damaged status Not for loan Collection code Permanent Location Current Location Shelving location Date acquired Source of acquisition Full call number Accession Number Price effective from Koha item type
        Non-fiction IFM Main Campus Library IFM Main Campus Library Work Room processing 03/14/2025 Purchase 657.458 MOE 0000030598 03/14/2025 Books
        Non-fiction IFM Main Campus Library IFM Main Campus Library Work Room processing 03/14/2025 Purchase 657.458 MOE 0000030597 03/14/2025 Books
        Non-fiction IFM Main Campus Library IFM Main Campus Library Work Room processing 03/14/2025 Purchase 657.458 MOE 0000030596 03/14/2025 Books